00263nam a2200097Ia 4500008004000000082001600040100002400056245003700080260004000117300000800157210210b1974 xxu||||| |||| 00| 0 eng d a828.51 CASC aCASSON (Herbert N). aComplete public speaking course. aBombaybD B Taraporevala sonsc1974 a125